=LDR 00000nam 2200000 4500 =001 INLIS000000000035656 =990 ##$$a 21011757 =005 20210325014520 =990 ##$$a 21108822 =035 ##$$a 0010-061300000035656 =990 ##$$a 20122756 =008 210325################g##########0#ind## =990 ##$$a 21108823 =041 ##$$a Ind =990 ##$$a 21108821 =082 ##$$a 364.3 =990 ##$$a 21011759 =090 ##$$a 364.14 , 100 j =990 ##$$a 21011760 =100 1#$$a Smith, Jo Durden =990 ##$$a 21011758 =245 1#$$a 100 Penjahat , Paling kejam di dunia , Jo Durden Smith /$c Jo Durden Smith =260 ##$$a Tangerang :$b Karisma,$c 2008 =300 ##$$a 207 hlm : $b ilus ; $c 25 x 17 cm =850 ##$$a NBPNMAT =084 ##$$a 364.3 SMI s =250 ##$$a cet.1 =650 #4$$a Penjahat kelas dunia =990 ##$$a 0505/PN/2014 =990 ##$$a 0001/BPAP-NTB/20142014 =990 ##$$a 0001/BPAP-NTB/20142014 =990 ##$$a 0001/BPAP-NTB/20142014 =990 ##$$a 0001/BPAP-NTB/20142014 =990 ##$$a 0001/BPAP-NTB/2016 =990 ##$$a 0001/BPAP-NTB/2016 =990 ##$$a 21011758 =990 ##$$a 21108822 =990 ##$$a 0001/BPAP-NTB/20142014 =990 ##$$a 0001/BPAP-NTB/20142014 =990 ##$$a 0001/BPAP-NTB/20142014 =990 ##$$a 0001/BPAP-NTB/20142014 =990 ##$$a 0001/BPAP-NTB/2016 =990 ##$$a 0001/BPAP-NTB/2016 =990 ##$$a 21011758 =990 ##$$a 20122756 =990 ##$$a 21108822 =990 ##$$a 0001/BPAP-NTB/20142014 =990 ##$$a 0001/BPAP-NTB/20142014 =990 ##$$a 0001/BPAP-NTB/20142014 =990 ##$$a 0001/BPAP-NTB/2016 =990 ##$$a 0001/BPAP-NTB/2016 =990 ##$$a 21011758 =990 ##$$a 21108823 =990 ##$$a 21108822 =990 ##$$a 20122756 =990 ##$$a 0001/BPAP-NTB/20142014 =990 ##$$a 0001/BPAP-NTB/20142014 =990 ##$$a 0001/BPAP-NTB/2016 =990 ##$$a 0001/BPAP-NTB/2016 =990 ##$$a 21011758 =990 ##$$a 21108821 =990 ##$$a 21108822 =990 ##$$a 20122756 =990 ##$$a 21108823 =990 ##$$a 0001/BPAP-NTB/20142014 =990 ##$$a 0001/BPAP-NTB/2016 =990 ##$$a 0001/BPAP-NTB/2016 =990 ##$$a 21011758 =990 ##$$a 21011759 =990 ##$$a 21108822 =990 ##$$a 20122756 =990 ##$$a 21108823 =990 ##$$a 21108821 =990 ##$$a 0001/BPAP-NTB/2016 =990 ##$$a 0001/BPAP-NTB/2016 =990 ##$$a 21011758 =990 ##$$a 21011757 =990 ##$$a 21108822 =990 ##$$a 20122756 =990 ##$$a 21108823 =990 ##$$a 21108821 =990 ##$$a 21011759 =990 ##$$a 0001/BPAP-NTB/2016 =990 ##$$a 21011758 =990 ##$$a 21011760 =990 ##$$a 21108822 =990 ##$$a 20122756 =990 ##$$a 21108823 =990 ##$$a 21108821 =990 ##$$a 21011759 =990 ##$$a 21011757 =990 ##$$a 21011758 =990 ##$$a 21011758 =990 ##$$a 21108822 =990 ##$$a 20122756 =990 ##$$a 21108823 =990 ##$$a 21108821 =990 ##$$a 21011759 =990 ##$$a 21011757 =990 ##$$a 21011760 =990 ##$$a 21011758 =990 ##$$a 21108822 =990 ##$$a 20122756 =990 ##$$a 21108823 =990 ##$$a 21108821 =990 ##$$a 21011759 =990 ##$$a 21011757 =990 ##$$a 21011760 =990 ##$$a 21108821 =990 ##$$a 21108822 =990 ##$$a 20122756 =990 ##$$a 21108823 =990 ##$$a 21011759 =990 ##$$a 21011757 =990 ##$$a 21011760 =990 ##$$a 21011758